| 000 | 00523nam a2200193 a 4500 | ||
|---|---|---|---|
| 001 | 766 | ||
| 003 | CO-ViMGA | ||
| 008 | 141112s2004 ck r 000 u spa d | ||
| 040 |
_aCO-ViMGA _bspa _cCO-ViMGA |
||
| 082 | 0 | 4 | _a823.7 D424c |
| 100 | 1 |
_aDickens, Charles _94267 |
|
| 245 | 1 | 0 | _aLas campanas |
| 260 |
_aSantafé de Bogotá : _bNorma, _c1994 |
||
| 300 | _a130, 97 p. | ||
| 490 | _aCara y cruz | ||
| 500 | _aEncuadernado con A propósito de Charles Dickens y su obra. | ||
| 650 | 1 | 4 | _aNOVELA INGLESA |
| 942 |
_2ddc _cBK |
||
| 999 |
_c13003 _d13003 |
||